Code Pénal : (Record no. 122272)

MARC details
000 -LEADER
campo de control de longitud fija 01964cam a2200409 i 4500
001 - NÚMERO DE CONTROL
campo de control 120425
003 - IDENTIFICADOR DE NÚMERO DE CONTROL
campo de control BJBSDDR
005 - FECHA Y HORA DE LA ÚLTIMA TRANSACCIÓN
campo de control 20241023150357.0
007 - CAMPO FIJO DE DESCRIPCIÓN FÍSICA--INFORMACIÓN GENERAL
campo de control de longitud fija ta
008 - DATOS DE LONGITUD FIJA--INFORMACIÓN GENERAL
campo de control de longitud fija 241018s2019 fr a 000 0 fre
020 ## - NÚMERO INTERNACIONAL ESTÁNDAR DEL LIBRO
Número Internacional Estándar del Libro 9782247186648
020 ## - NÚMERO INTERNACIONAL ESTÁNDAR DEL LIBRO
Número Internacional Estándar del Libro 9782247186617
020 ## - NÚMERO INTERNACIONAL ESTÁNDAR DEL LIBRO
Número Internacional Estándar del Libro 2247186645
020 ## - NÚMERO INTERNACIONAL ESTÁNDAR DEL LIBRO
Número Internacional Estándar del Libro 2247186610
040 ## - FUENTE DE CATALOGACIÓN
Centro catalogador/agencia de origen BJBSDDR
Lengua de catalogación spa
Centro/agencia transcriptor BJBSDDR
041 ## - CÓDIGO DE IDIOMA
Código de lengua del texto/banda sonora o título independiente fre
050 14 - SIGNATURA TOPOGRÁFICA DE LA BIBLIOTECA DEL CONGRESO
Número de clasificación KJV 7974
Número de ítem C669 2019
245 00 - MENCIÓN DEL TÍTULO
Título Code Pénal :
Resto del título annoté /
Mención de responsabilidad, etc. Annotations de jurisprudence et bibliographie par Yves Mayaud.
250 ## - MENCION DE EDICION
Mención de edición 117e édition.
260 ## - PUBLICACIÓN, DISTRIBUCIÓN, ETC.
Lugar de publicación, distribución, etc. Paris :
Nombre del editor, distribuidor, etc. Dalloz,
Fecha de publicación, distribución, etc. 2019.
300 ## - DESCRIPCIÓN FÍSICA
Extensión XXXI-3024 pages ;
Dimensiones 20 cm.
440 0# - MENCIÓN DE SERIE/PUNTO DE ACCESO ADICIONAL--TÍTULO
Título Petits codes Dalloz.
520 ## - RESUMEN, ETC.
Sumario, etc. La 4e de couverture indique : "Le Code pénal Dalloz 2020 est notamment à jour : de la loi du 10 avril 2019 de maintien de l'ordre lors des manifestations ; de la loi du 23 mars 2019 de programmation 2018-2022 et de réforme pour la justice ; de la loi du 22 décembre 2018 de lutte contre la manipulation de l'information ; de l'ordonnance du 12 décembre 2018 sur la protection des données personnelles ; de la loi du 23 octobre 2018 de lutte contre la fraude. En outre les annotations jurisprudentielles du livre III du code relatif aux crimes et délits contre les biens et celles de la loi du 29 juillet 1881 sur la liberté de la presse sont intégralement refondues."
650 #0 - PUNTO DE ACCESO ADICIONAL DE MATERIA--TÉRMINO DE MATERIA
Término de materia o nombre geográfico como elemento de entrada Droit pénal
Subdivisión geográfica France
Subdivisión general Codes.
650 #4 - PUNTO DE ACCESO ADICIONAL DE MATERIA--TÉRMINO DE MATERIA
Término de materia o nombre geográfico como elemento de entrada Derecho penal
Subdivisión geográfica Francia
Subdivisión general Códigos
9 (RLIN) 4952
650 #0 - PUNTO DE ACCESO ADICIONAL DE MATERIA--TÉRMINO DE MATERIA
Término de materia o nombre geográfico como elemento de entrada De la Responsabilité Pénale.
650 #0 - PUNTO DE ACCESO ADICIONAL DE MATERIA--TÉRMINO DE MATERIA
Término de materia o nombre geográfico como elemento de entrada Des Crimes et contre les Personnes.
650 #0 - PUNTO DE ACCESO ADICIONAL DE MATERIA--TÉRMINO DE MATERIA
Término de materia o nombre geográfico como elemento de entrada Des Crimes et délits contre les Biens.
650 #0 - PUNTO DE ACCESO ADICIONAL DE MATERIA--TÉRMINO DE MATERIA
Término de materia o nombre geográfico como elemento de entrada Des Crimes et Délits contre la Nation, l'état et la Paix Publique.
650 #0 - PUNTO DE ACCESO ADICIONAL DE MATERIA--TÉRMINO DE MATERIA
Término de materia o nombre geográfico como elemento de entrada Des Crimes et Des Délits de Guerre.
650 #4 - PUNTO DE ACCESO ADICIONAL DE MATERIA--TÉRMINO DE MATERIA
Término de materia o nombre geográfico como elemento de entrada IDEF
650 #4 - PUNTO DE ACCESO ADICIONAL DE MATERIA--TÉRMINO DE MATERIA
Término de materia o nombre geográfico como elemento de entrada Institut International du droit d'exopression et d'inspiration françaises
700 1# - ENTRADA AGREGADA--NOMBRE PERSONAL
Nombre de persona Mayaud, Yves.
700 1# - ENTRADA AGREGADA--NOMBRE PERSONAL
Nombre de persona Gayet, Carole
942 ## - ELEMENTOS DE ENTRADA SECUNDARIOS (KOHA)
Fuente del sistema de clasificación o colocación Clasificación de Library of Congress
Tipo de ítem Koha Libro
Suprimir en OPAC No
946 ## - PROCESAMIENTO DE INFORMACIÓN LOCAL (OCLC)
a lmd
Holdings
Estatus retirado Estado de pérdida Fuente del sistema de clasificación o colocación Estado de daño No para préstamo Colección Biblioteca de origen Biblioteca actual Ubicación en estantería Fecha de adquisición Signatura topográfica completa Código de barras Visto por última vez Copia número Tipo de ítem Koha
    Clasificación de Library of Congress     Ciencias Sociales Biblioteca Juan Bosch Biblioteca Juan Bosch Ciencias Sociales (3er. Piso) 18/10/2024 KJV 7974 C669 2019 00000186339 18/10/2024 1 Libro